Central Library OPAC University of Rajshahi

পোল্ট্রি ব্যবস্থাপনা = (Poultry management) / (Record no. 70908)

MARC details
000 -LEADER
fixed length control field 00988nam a2200241 a 4500
001 - CONTROL NUMBER
control field 70908
003 - CONTROL NUMBER IDENTIFIER
rucl marc code BD-RjUL
005 - DATE AND TIME OF LATEST TRANSACTION
control field 20211209082043.0
008 - FIXED-LENGTH DATA ELEMENTS--GENERAL INFORMATION
fixed length control field 170422s2007 b a|||| |||| 00| 0 ben d
020 ## - INTERNATIONAL STANDARD BOOK NUMBER
International Standard Book Number 9840745557
Terms of availability :Tk. 155.00
035 ## - SYSTEM CONTROL NUMBER
System control number (BD-RjUL)71122
040 ## - CATALOGING SOURCE
Original cataloging agency BD-RjUL
Language of cataloging ben
Transcribing agency BD-RjUL
Modifying agency BD-RjUL
041 ## - LANGUAGE CODE
Language code of text/sound track or separate title ben
082 ## - DEWEY DECIMAL CLASSIFICATION NUMBER
Edition number 23
Classification number 636.5068
Author mark and year MIP 2007
100 10 - MAIN ENTRY--PERSONAL NAME
Personal name মিয়া, মো. আবদুর রাজ্জাক
9 (RLIN) 126320
245 10 - TITLE STATEMENT
Title পোল্ট্রি ব্যবস্থাপনা = (Poultry management) /
Statement of responsibility, etc. মো. আবদুর রাজ্জাক মিয়া
260 ## - PUBLICATION, DISTRIBUTION, ETC. (IMPRINT)
Place of publication, distribution, etc. ঢাকা :
Name of publisher, distributor, etc. বাংলা একাডেমী,
Date of publication, distribution, etc. ২০০৭
300 ## - PHYSICAL DESCRIPTION
Pagination ২০০ পৃ. :
Illustrations চিত্র ;
Size ২৩ সেমি.
504 ## - BIBLIOGRAPHY, ETC. NOTE
Bibliography, etc তথ্যপণ্জ্ঞি সংবলিত
650 ## - SUBJECT ADDED ENTRY--TOPICAL TERM
Topical term or geographic name as entry element পোল্ট্রি ব্যবস্থাপনা
9 (RLIN) 209851
Topical term or geographic name as entry element Poultry-- management
9 (RLIN) 209852
942 ## - ADDED ENTRY ELEMENTS (KOHA)
Source of classification or shelving scheme Dewey Decimal Classification
Koha item type Books
Holdings
Lost status Source of classification or shelving scheme Damaged status Not for loan Collection code Permanent Location Current Location Shelving location Date acquired Source of acquisition Cost, normal purchase price Total Checkouts Full call number Date last seen Copy number Koha item type
  Dewey Decimal Classification   Not For Loan Non-fiction Central Library, University of Rajshahi Central Library, University of Rajshahi Reading Room 17/08/2009 Dhaka, Bangla Academy 155.00   B 636.5068 MIP 2007 22/04/2017 C-1 Books